Elemen-elemen Shiji dalam pembentukan fiksyen Han, Wei dan Enam Dinasti /
Saved in:
| Main Author: | |
|---|---|
| Format: | Thesis Book |
| Language: | Malay |
| Published: |
2018.
|
| Subjects: | |
| Tags: |
Add Tag
No Tags, Be the first to tag this record!
|
| LEADER | 01260cam a2200313 i 4500 | ||
|---|---|---|---|
| 001 | u1127568 | ||
| 003 | SIRSI | ||
| 005 | 201911291215 | ||
| 008 | 191129s2018 my m 000 0 may | ||
| 040 | |a UMM |e rda | ||
| 043 | |a a-cc--- | ||
| 090 | |a DS703.4 |b UM 2018 Tan | ||
| 100 | 1 | |a Tan, Kok Ching, |e author. | |
| 245 | 1 | 0 | |a Elemen-elemen Shiji dalam pembentukan fiksyen Han, Wei dan Enam Dinasti / |c Tan Kok Ching. |
| 264 | 1 | |c 2018. | |
| 300 | |a x, 265 leaves : |b illustrations ; |c 30 cm | ||
| 336 | |a text |2 rdacontent | ||
| 337 | |a unmediated |2 rdamedia | ||
| 338 | |a volume |2 rdacarrier | ||
| 502 | |b M.A. |c Jabatan Pengajian Tionghoa, Fakulti Sastera dan Sains Sosial, Universiti Malaya |d 2018. | ||
| 504 | |a Bibliography: leaves 228-265. | ||
| 650 | 0 | |a Fiction |x History and criticism. | |
| 650 | 0 | |a Historical fiction, Chinese |x History and criticism. | |
| 650 | 0 | |a Chinese fiction |x History and criticism. | |
| 650 | 0 | |a Chinese literature |x History and criticism. | |
| 710 | 2 | |a Universiti Malaya. |b Jabatan Pengajian Tionghoa, |e degree granting institution. | |
| 900 | |a NNANS NSM | ||
| 596 | |a 1 | ||
| 999 | |a DS703.4 UM 2018 TAN |w LC |c 1 |i A517199788 |f 5/12/2019 |g 1 |l STACKS |m P01UTAMA |r Y |s Y |t TESIS |u 29/11/2019 |1 AHSS |o .STAFF. Surat agreement & CD tidak disertakan (FSSS). | ||
